00457nam a2200157Ia 4500008004100000020001800041082001400059100002000073245004700093250000800140260003800148300002300186500001900209600002100228650005000249240925s9999 xx 000 0 und d a9788177583670 a006.3 RUS aRussell, Stuart 0aArtificial Intelligence: a modern approach a2nd aIndia:bPearson Educationc,2012. a256p.b0fOriginal aIncludes Index aComputer Science aComputer science, information & general works